Nábor a výber zamestnancov vo vybranom podniku bakalárska práca

Na minha lista:
Detalhes bibliográficos
Autor principal: Mitriková, Dominika
Autor Corporativo: Fakulta podnikového manažmentu EU. Katedra manažmentu
Outros Autores: Joniaková, Zuzana, 1970-
Formato: Livro
Idioma:eslovaco
Publicado em: Bratislava 2018
Tags: Adicionar Tag
Sem tags, seja o primeiro a adicionar uma tag!

MARC

LEADER 00000nbm a2200000 4500
001 0244627
005 20180918144618.7
041 0 |a slo 
044 |a SK 
245 1 0 |a Nábor a výber zamestnancov vo vybranom podniku  |b bakalárska práca  |c Dominika Mitriková ; školiteľ: Zuzana Joniaková 
264 1 |a Bratislava  |c 2018 
300 |a 59 s. 
100 1 |a Mitriková, Dominika 
700 1 |a Joniaková, Zuzana, 1970- 
710 2 |a Fakulta podnikového manažmentu EU. Katedra manažmentu